Ciberseguridad en el teletrabajo (Registro nro. 13643)
[ vista simple ]
| 000 -Cabecera | |
|---|---|
| Campo de control de longitud fija | 00713nam a22002777a 4500 |
| 005 - Fecha y hora de la última transacción | |
| Campo de control | 20260319102528.0 |
| 008 - Elementos de longitud fija--Información general | |
| Campo de control de longitud fija | 240215b |||||||| |||| 00| 0 spa d |
| 020 ## - International Standard Book Number | |
| Número Internacional Estándar del Libro (ISBN) | 9788411037105 |
| 041 ## - Idioma | |
| Código de idioma | Español |
| 082 ## - Clasificación Decimal Dewey | |
| Número de clasificación | 364.168 L864c |
| 100 ## - Entrada principal--Autor personal | |
| Nombre personal | López Benítez, Yolanda |
| 245 ## - Título propiamente dicho | |
| Título | Ciberseguridad en el teletrabajo |
| 260 ## - Pie de imprenta | |
| Lugar de publicación, distribución, etc. | España |
| 260 ## - Pie de imprenta | |
| Nombre del editor, distribuidor, etc. | Ic Editorial |
| 260 ## - Pie de imprenta | |
| Fecha de publicación, distribución, etc. | 2022 |
| 300 ## - Descripción física | |
| Extensión | 78 páginas |
| 490 ## - Serie | |
| Título de la Serie | Tecnologías de la Información |
| -- | Big Data |
| 650 ## - Materia general | |
| Temática (materia general) | CIBERSEGURIDAD |
| 650 ## - Materia general | |
| Temática (materia general) | SEGURIDAD EN EL TRABAJO |
| 650 ## - Materia general | |
| Temática (materia general) | TELETRABAJO |
| 650 ## - Materia general | |
| Temática (materia general) | ACCESO REMOTO |
| 650 ## - Materia general | |
| Temática (materia general) | CIBERCRIMINALES |
| 650 ## - Materia general | |
| Temática (materia general) | PROTECCIÓN DE DATOS |
| 942 ## - Punto de acceso adicional KOHA | |
| Fuente del sistema de clasificación o colocación | Dewey Decimal Classification |
| Tipo de ítem KOHA | Libro |
| Signatura completa | Código de barras | Programa Académico | Tipo de ítem |
|---|---|---|---|
| 364.168 L864c | 25794 | Libro |